| 000 | 00516nam a2200157 4500 | ||
|---|---|---|---|
| 001 | 122978 | ||
| 003 | ES-MaACL | ||
| 005 | 20230906192059.0 | ||
| 007 | t| | ||
| 008 | 070214s1947 xxu r ||||0| spa d | ||
| 245 | 0 | 0 |
_aProposal to the Security Council of the United Nations for the creation of a central-European confederation / _cSlovak Action Committee. |
| 260 |
_aNew York : _b[s. n.], _c1947. |
||
| 300 |
_a8 p ; _c24 cm. |
||
| 710 | 2 |
_aSlovak Action Committee. _96622 |
|
| 852 |
_aES-MaACL _j1660-F-4 _bR.26650 |
||
| 999 |
_c122978 _d122978 |
||